000 00688nam a2200169Ia 4500
005 20250423101515.0
008 250422s9999 xx 000 0 und d
020 _a1416032932
050 _aRD 81.A1 Y4/
245 4 _aThe year book of anesthesiology and pain management
260 _aPhiladelphia
260 _bElsevier Mosby
260 _c2006
300 _a307 p
650 _aAnesthesiology--Periodicals. Pain--Periodicals. Anesthesia--Abstracts. Anesthesia--Periodicals. Anesthesiology--Abstracts. Anesthesiology--Periodicals. Pain Management--Abstracts. Pain Management--Periodicals. Anesthésiologie--Périodiques. Douleur--Périodiques. Anesthesie. Analgesie.
942 _cBK
999 _c36490
_d36490